| 000 | 01044nam a22003131 4500 | ||
|---|---|---|---|
| 001 | 19872 | ||
| 003 | BD-RjUL | ||
| 005 | 20211209000505.0 | ||
| 008 | 140226r19511848enk 000 1 eng | ||
| 035 | _a(BD-RjUL)19933 | ||
| 035 | _a(OCoLC)283023 | ||
| 040 |
_aDLC _cOMC _dOCoLC _dDLC _dBD-RjUL _beng |
||
| 041 | _aeng | ||
| 082 |
_a823.87 _bTRK 1951 |
||
| 100 | 1 |
_aTrollope, Anthony, _d1815-1882. _961029 |
|
| 245 | 1 | 4 |
_aThe Kellys and the O'Kellys / _cAnthony Trollope. |
| 260 |
_aLondon : _bH. Milford, Oxford university press, _c1951. |
||
| 300 |
_a516 p. ; _c16 cm. |
||
| 490 | 0 | _aThe World's classics, CCCXLI | |
| 500 | _a"ʻThe Kellys and the O'Kellys' was first published in 1848. In ʻThe World's classics' ... in 1929." | ||
| 650 | 0 |
_aLandlord and tenant _xFiction. _960377 |
|
| 650 | 0 |
_aLand tenure _xFiction. _961030 |
|
| 650 | 0 |
_aLandowners _xFiction. _961031 |
|
| 651 | 0 |
_aIreland _xFiction. _956376 |
|
| 655 | 7 |
_aDomestic fiction. _2lcsh _961033 |
|
| 942 |
_2ddc _cBK |
||
| 999 |
_c19872 _d19872 |
||